أحاجي و ألغاز للكبار والصغار : (رقم التسجيلة. 87345)

تفاصيل مارك
000 -LEADER
fixed length control field 00531nam a22001697a 4500
005 - DATE AND TIME OF LATEST TRANSACTION
control field 20251108172736.0
008 - FIXED-LENGTH DATA ELEMENTS--GENERAL INFORMATION
fixed length control field 250721s2002 xx 000 0 ara d
082 14 - DEWEY DECIMAL CLASSIFICATION NUMBER
Classification number 793.73/طاء
100 1# - MAIN ENTRY--PERSONAL NAME
Personal name الطائي، منى أحمد
Relator term مؤلف
245 10 - TITLE STATEMENT
Title أحاجي و ألغاز للكبار والصغار :
Remainder of title طرائف وألعاب /
264 1# - PRODUCTION, PUBLICATION, DISTRIBUTION, MANUFACTURE, AND COPYRIGHT NOTICE
Place of production, publication, distribution, manufacture عمان :
Name of producer, publisher, distributor, manufacturer دار الإسراء،
Date of production, publication, distribution, manufacture, or copyright notice 2002.
300 ## - PHYSICAL DESCRIPTION
Extent 96ص.
650 17 - SUBJECT ADDED ENTRY--TOPICAL TERM
Topical term or geographic name as entry element الألغاز
650 17 - SUBJECT ADDED ENTRY--TOPICAL TERM
Topical term or geographic name as entry element الفكاهة والنوادر
942 ## - ADDED ENTRY ELEMENTS (KOHA)
Source of classification or shelving scheme Dewey Decimal Classification
Koha item type كتب
المقتنيات
حالة السحب حالة الفقدان مصدر التصنيف حالة التلف غير قابل للإعارة المكتبة الرئيسية المكتبة الحالية موقع الرف تاريخ التزويد الرقم المتسلسل Total Checkouts رقم الإستدعاء تاريخ آخر ظهور تاريخ الفاتورة نوع المادة (كوها) الباركود
    Dewey Decimal Classification     المكتبة المركزية المكتبة المركزية الإعارة 28/07/2025 563360   793.73/طاء 28/07/2025 28/07/2025 كتب 563360
    Dewey Decimal Classification     المكتبة المركزية المكتبة المركزية الإعارة 28/07/2025 563359   793.73/طاء 28/07/2025 28/07/2025 كتب 563359
    Dewey Decimal Classification     مكتبة أم قصير والمقابلين العامة مكتبة أم قصير والمقابلين العامة الإعارة 22/07/2008 563403   793.73/طاء 28/07/2025 22/07/2008 كتب PLD00030101
    Dewey Decimal Classification Unchecked   مكتبة الأميرة ايمان العامة مكتبة الأميرة ايمان العامة الإعارة 28/07/2025 563395   793.73/طاء 28/07/2025 28/07/2025 كتب  
    Dewey Decimal Classification     مكتبة الأميرة سلمى مكتبة الأميرة سلمى الإعارة 28/09/2015 1464576   793.73/طاء 28/07/2025 28/09/2015 كتب PLD00349773
    Dewey Decimal Classification     مكتبة الاميرة بديعة مكتبة الاميرة بديعة الإعارة 09/03/2013 563398   793.73/طاء 28/07/2025 09/03/2013 كتب PLD00267203
    Dewey Decimal Classification Unchecked   مكتبة الحسن العامة مكتبة الحسن العامة الإعارة 28/07/2025 550155   793.73/طاء 28/07/2025 28/07/2025 كتب  
    Dewey Decimal Classification     مكتبة الحسن العامة مكتبة الحسن العامة الإعارة 11/03/2019 563400   793.73/طاء 28/07/2025 11/03/2019 كتب PLD00446811
    Dewey Decimal Classification     مكتبة حمزة العامة مكتبة حمزة العامة الإعارة 31/01/2016 563401   793.73/طاء 28/07/2025 31/01/2016 كتب PLD00370603
    Dewey Decimal Classification     مكتبة وادي السير العامة مكتبة وادي السير العامة الإعارة 25/08/2008 563405   793.73/طاء 28/07/2025 25/08/2008 كتب PLD00037183
Implemented & Customized by: BBB with SCIT (Smart Chains for Information Technology)

Powered by Koha